000 00782nam a2200265 a 4500
001 000110358
003 CHAP
005 20220329144128.0
008 140820s2010 mx a |r| |||||||spa d
010 _a106820
011 _a107792
040 _cCHAP
082 0 4 _a574.191
_bG21
100 0 0 _aGarcía-Colín Scherer, Leopoldo.
_946822
245 1 0 _a¿Qué significado tiene el binomio Física-Biología? /
_cpor Leopoldo García-Colín Scherer.
260 _aMéxico, D.F. :
_bEl Colegio Nacional,
_c2010.
300 _a58 p. :
_bil.
590 _aE6096MTM
_b05
_c20140820
_lUCH01
_h1440
590 _aE6096MTM
_b05
_c20140820
_lUCH01
_h1453
590 _aE6096MTM
_b05
_c20140820
_lUCH01
_h1454
650 1 4 _aBiofísica.
_912735
901 _aBK
942 _cLIBRO
942 _n0
999 _c106820
_d106820